A general sales and service agency szerepe a szállítmányozási láncban

Bibliográfiai részletek
Szerző: Toldy Vivien
További közreműködők: Széphegyi-Jónás Anna
Dokumentumtípus: Záródolgozat
Kulcsszavak:General sales
Közvetítő kereskedelem
Szállítmányozás
Ellátási lánc
Online Access:http://dolgozattar.uni-bge.hu/19699

MARC

LEADER 00000nta a2200000 i 4500
001 dolg19699
005 20200323073040.0
008 181215suuuu hu o 000 hun d
040 |a BGE Dolgozattár Repozitórium  |b hun 
041 |a hu 
100 1 |a Toldy Vivien 
245 1 2 |a A general sales and service agency szerepe a szállítmányozási láncban  |c Toldy Vivien  |h [elektronikus dokumentum] 
516 |a Final_paper 
695 |a General sales 
695 |a Közvetítő kereskedelem 
695 |a Szállítmányozás 
695 |a Ellátási lánc 
700 1 |a Széphegyi-Jónás Anna  |e ths 
856 4 0 |u http://dolgozattar.uni-bge.hu/19699/1/Toldy%20Vivien-z%C3%A1r%C3%B3dolgozat_v%C3%A9gleges%20PDF.pdf  |z Dokumentum-elérés